Statistics for Countries with the same Capital name

Click here to take the quiz!

General Stats

  • This quiz has been taken 60 times
  • The average score is 11 of 16

Answer Stats

Answer% Correct
San Marino (San Marino)
90%
Luxembourg (Luxembourg)
85%
Vatican City (Vatican City)
85%
Monaco (Monaco)
82%
Panama (Panama City)
82%
Andorra (Andorra la Vella)
80%
Guatemala (Guatemala City)
78%
Mexico (Mexico City)
78%
Singapore (Singapore)
73%
Kuwait (Kuwait City)
70%
Brazil (Brasilia)
60%
Djibouti (Djibouti)
58%
Sao Tome and Principe (Sao Tome)
55%
El Salvador (San Salvador)
45%
Tunisia (Tunis)
43%
Guinea Bissau (Bissau)
38%

Score Distribution

Percentile by Number Answered

Percent of People with Each Score

Your Score History

You have not taken this quiz